000
002530000a22000970004500
100
1
_a
Esquivel, Julia (1930 - )
245
1
0
_a
El lugar más grande del amor
300
_a
Vol. 12, Num. 2 (1992), Páginas 17-24
773
0
_t
Vida y pensamiento
942
_c
ANA
999
_c
53020
_d
53020